| 000 | 00719nam a22002292 4500 | ||
|---|---|---|---|
| 001 | 0000011824 | ||
| 005 | 20151217160125.0 | ||
| 008 | 090112s xx 000 0 eng d | ||
| 020 | _a0673430537 : | ||
| 040 |
_aKABU _cKABU |
||
| 100 | 1 |
_aKracht, James B. _@0000167841 |
|
| 245 | 1 | 0 |
_aCommunities near and far / _cJames B. Kracht, Leslie Wheeler. |
| 250 | _a1st ed. | ||
| 260 |
_aGlenview, IL. : _bScott, Foresman, _c1988. |
||
| 300 | _axii, 324 p. | ||
| 650 | 0 |
_aCommunity life. _@0000167842 |
|
| 650 | 0 |
_aHuman settlement _xJuvenile literature. _@0000167843 |
|
| 700 | 1 |
_aWheeler, Leslie. _@0000167844 |
|
| 852 | 1 | _9p500 KES | |
| 908 | _a090112 | ||
| 950 | _@1 | ||
| 999 |
_c14628 _d14628 |
||